000 01194cam a22003257a 4500
001 13624584
003 OSt
005 20150408113748.0
008 040615s2005 inu f 000 0 eng d
010 _a 2004108925
015 _aGBA489958
_2bnb
016 7 _a013064603
_2Uk
020 _a0789732467 (pbk.)
035 _a(OCoLC)ocm65464628
040 _aUKM
_cUKM
_dDLC
042 _alccopycat
050 0 0 _aQA76.9.C55
_bM3945 2006
082 0 4 _a005.4476
_222
100 1 _aMathers, Todd W.
_98796
245 1 0 _aCitrix CCA :
_bmetaframe presentation server 3.0 and 4.0
_cTodd Mathers.
260 _aIndianapolis, Ind. :
_bQue,
_cc2006.
300 _axxxviii, 634 p.
_bill.
_c23 cm. +
_e1 CD-ROM (4 3/4 in.)
440 0 _aExam cram
_98797
525 _aIncludes CD-ROM.
630 0 0 _aCitrix MetaFrame (Computer file)
_xExaminations.
_98798
650 0 _aElectronic data processing personnel
_xCertification
_vStudy guides.
_97735
650 0 _aClient/server computing
_xExaminations
_vStudy guides.
_98799
942 _2ddc
_cBOOK
999 _c3700
_d238200